Saya...dari hujung kota

Bibliographic Details
Main Author: Noordin Hassan
Format: Book
Published: Kuala Lumpur : Dewan Bahasa dan Pustaka , 1996
Subjects:

MARC

LEADER 00000cam a2200000 7i4500
001 0000015747
005 20080409.0
008 080409
020 |a 9836255222 
090 0 0 |a 899.2313   |b NOO 
100 0 |a Noordin Hassan 
245 1 0 |a Saya...dari hujung kota   |c Noordin Hassan 
260 |a Kuala Lumpur :   |b Dewan Bahasa dan Pustaka ,   |c 1996 
650 0 |a Malay poetry 
999 |a 0001018198   |b Book   |c Adult Collection   |e Perbadanan Perpustakaan Awam Johor